000 00328nam a22001457a 4500
008 210602b ||||| |||| 00| 0 eng d
020 _a9780240802251
041 _aeng
080 _22nd
_a004
082 _a004
100 _a28
101 _aSHKI
245 _aDigital No linear Editing
_cThomas A. Ohanian
942 _2udc
_cBK
999 _c57898
_d57898